<?xml version="1.0" encoding="UTF-8"?>
<collection xmlns="http://www.loc.gov/MARC21/slim">
<record>
  <controlfield tag="001">7644</controlfield>
  <controlfield tag="005">20251104210146.0</controlfield>
  <datafield tag="037" ind1=" " ind2=" ">
    <subfield code="a">CTALK-2025-0097</subfield>
  </datafield>
  <datafield tag="100" ind1=" " ind2=" ">
    <subfield code="a">Maneva, Yana</subfield>
  </datafield>
  <datafield tag="245" ind1=" " ind2=" ">
    <subfield code="a">STCE PECASUS operations and related contribution to Space Weather Challenges in the Arctic</subfield>
  </datafield>
  <datafield tag="260" ind1=" " ind2=" ">
    <subfield code="c">2025</subfield>
  </datafield>
  <datafield tag="269" ind1=" " ind2=" ">
    <subfield code="c">2025-10-27</subfield>
  </datafield>
  <datafield tag="500" ind1=" " ind2=" ">
    <subfield code="a">plenary session panel discussion (P1)</subfield>
  </datafield>
  <datafield tag="520" ind1=" " ind2=" ">
    <subfield code="a">Yana Maneva is a space weather forecaster and service developer at the Royal Observatory of Belgium and the Solar-Terrestrial Centre of Excellence (STCE). Her work is focused on support of space weather service provision to the aviation community, particularly within the framework of PECASUS consortium, which is one of the four global centres providing space weather services to the international civil aviation organization (ICAO). As part of the PECASUS operations at STCE, part of Yana's role is to monitor for space weather activity in the Arctic region. This includes: - monitoring for scintillation events and possible related GNSS problems, - monitoring for possible increase in effective radiation dose levels after solar energetic particle storms, - checking for possible problems with radio communications in the auroral oval or polar cap regions. To support model estimations in the evaluation of space weather impacts in the Arctic region the role of situ measurements and satellite data over the region is very important. This can include, but is not limited to scintillation measurements, neutron monitor data, radio signal degradation, etc. Overcoming difficulties due to delays in data transmission from this region is also an important issue.</subfield>
  </datafield>
  <datafield tag="594" ind1=" " ind2=" ">
    <subfield code="a">NO</subfield>
  </datafield>
  <datafield tag="653" ind1="1" ind2=" ">
    <subfield code="a">space weather</subfield>
  </datafield>
  <datafield tag="653" ind1="1" ind2=" ">
    <subfield code="a">arctic region</subfield>
  </datafield>
  <datafield tag="653" ind1="1" ind2=" ">
    <subfield code="a">STCE PECASUS service</subfield>
  </datafield>
  <datafield tag="773" ind1=" " ind2=" ">
    <subfield code="t">ESWW25 Umea, Sweden</subfield>
  </datafield>
  <datafield tag="856" ind1="0" ind2=" ">
    <subfield code="f">yana.maneva@ksb-orb.be</subfield>
  </datafield>
  <datafield tag="856" ind1="4" ind2="2">
    <subfield code="a">https://events.spacepole.be/event/222/contributions/4848/</subfield>
  </datafield>
  <datafield tag="906" ind1=" " ind2=" ">
    <subfield code="a">Invited</subfield>
  </datafield>
  <datafield tag="980" ind1=" " ind2=" ">
    <subfield code="a">CTALKINVI</subfield>
  </datafield>
</record>
</collection>